000 00447nam a2200181 a 4500
001 1766145535678
003 ACL
005 20251219173211.0
008 251219s1990##################000#0#eng##
020 _a9780671688011
082 0 4 _a641.813
_bNIR
100 1 _aNirenberg, Sally,
_eauthor.
245 1 0 _aRecipes from the Night Kitchen :
260 _bAtria Books,
_c1990.
650 0 _aCooking.
942 _cENGLISH
040 _aACL
_beng
_cACL
999 _c603316
_d603316